banner koha

Extratos aquosos de inhame (Dioscorea rotundata Poirr.) e de mastruz (Chenopodium ambrosioides L.) no desenvolvimento da lagarta-do-cartucho-domilho Spodoptera frugiperda (J.E. Smith, 1797) (Registro n. 299870)

MARC details
000 -LÍDER
fixed length control field 04307nab a2200337 i 4500
003 - CÓDIGO MARC DA AGÊNCIA CATALOGADORA
Campo de controle BR-BrBNA
005 - DATA E HORA DA ÚLTIMA ATUALIZAÇÃO
Campo de controle 20240603123527.0
008 - CAMPO DE TAMANHO FIXO
fixed length control field 240603b2015 bl.qr|pooa||| 00| 0 por |
040 ## - FONTE DA CATALOGAÇÃO
Agência catalogadora BR-BrBNA
Idioma da catalogação por
072 ## - CATEGORIA AGRIS
Código AGRIS H10
Código do objeto 0120
072 ## - CATEGORIA AGRIS
Código AGRIS F60
100 ## - ENTRADA PRINCIPAL - NOME PESSOAL
Nome pessoal Trindade, R.C.P.
100 ## - ENTRADA PRINCIPAL - NOME PESSOAL
Nome pessoal Ferreira, E.S.
100 ## - ENTRADA PRINCIPAL - NOME PESSOAL
Nome pessoal Gomes, I.B.
100 ## - ENTRADA PRINCIPAL - NOME PESSOAL
Nome pessoal Silva, L.
100 ## - ENTRADA PRINCIPAL - NOME PESSOAL
Nome pessoal Sant'Ana, A.E.G.
100 ## - ENTRADA PRINCIPAL - NOME PESSOAL
Nome pessoal Broglio, S.M.F.
100 ## - ENTRADA PRINCIPAL - NOME PESSOAL
Nome pessoal Silva, M.S.
245 ## - TÍTULO PRINCIPAL
Título principal Extratos aquosos de inhame (Dioscorea rotundata Poirr.) e de mastruz (Chenopodium ambrosioides L.) no desenvolvimento da lagarta-do-cartucho-domilho Spodoptera frugiperda (J.E. Smith, 1797)
500 ## - NOTA GERAL
Nota geral Publicação on-line; 20 ref.; 1 table; 2 illus.; Summaries (En, Pt)
942 ## - ADDED ENTRY ELEMENTS (KOHA)
Koha item type
520 ## - NOTA DE RESUMO
Nota de conteúdo <br/><br/>RESUMO: <br/><br/>Estudou-se o efeito de extratos aquosos de inhame (0; 5; 10; e 20% p/p) e de mastruz<br/>(0; 2; 4; 6; 8 e 10% p/p) na biologia da lagarta-do-cartucho. Secções de folhas de milho foram<br/>mergulhadas por 30 segundos em soluções de cada concentração; após a secagem, colocouse <br/>em cada secção uma lagarta recém-eclodida. Foram avaliadas a viabilidade e a duração<br/>das fases larval e pupal, peso e comprimento das lagartas e pupas. Em relação ao extrato de<br/>inhame, a concentração de 20% causou maior influência na fase larval, sendo a viabilidade<br/>reduzida para 12%, com duração de 7 dias, diferindo da testemunha com 17 dias. O extrato<br/>da mesma planta a 10% causou 48% de mortalidade. Em todas as concentrações esse extrato<br/>também afetou a fase de pupa; na testemunha, 85% das pupas foram viáveis, enquanto nos<br/>demais tratamentos a viabilidade não excedeu a 25%. Para o peso e comprimento das lagartas,<br/>os resultados não foram significativos. Para o mastruz, o extrato a 20% causou influência na<br/>fase larval com baixa viabilidade e mortalidade logo nos primeiros seis dias de avaliação.<br/>Outras concentrações de mastruz não deferiram entre si nas fases larval e pupal. Verificou-se<br/>que a alimentação das lagartas com folhas tratadas com mastruz diminuiu o peso das pupas.<br/><br/>Palavras-chave: biopesticida, controle de praga, pesticida natural.
520 ## - NOTA DE RESUMO
Nota de conteúdo <br/><br/>ABSTRACT: <br/><br/>Aqueous extracts of yam (Dioscorea rotundata Poirr.) and chenopodium<br/>(Chenopodium ambrosioides L.) in the development of fall armyworm Spodoptera<br/>frugiperda (J.E. Smith, 1797). The effect of aqueous extracts of yam (0, 5, 10, and 20% h/h)<br/>and chenopodium (0, 2, 4, 6, 8 and 10% h/h) on the biology of fall armyworm was studied.<br/>Sections of maize leaves were dipped for 30 seconds in solutions of each concentration; after the<br/>section dried, a recently hatched caterpillar was placed onto each treated section. The viability<br/>and duration of the larval and pupal stages and the weight and length of the caterpillars and<br/>pupae were evaluated. For yam, the extract at 20% concentration caused the greatest influence<br/>on the larval stage of the insect, significantly reducing larval viability to 12%, with 7 day larval<br/>stage duration, differing from the control at 17 days. The extract of the same plant at 10%<br/>caused 48% larval mortality. At all concentrations, that extract also affected the pupal stage; in<br/>the control, pupal viability was 85%, whereas for the other concentrations the viability did not<br/>exceed 25%. No significant differences were observed for the weight and length of caterpillars.<br/>For chenopodium, the extract at 20% concentration caused influence on the larval stage, as it<br/>showed the lowest viability, causing mortality in six days. Other chenopodium concentrations<br/>did not show differences for the larval and pupal stages. Feeding caterpillars with leaves treated<br/>with the extract of chenopodium decreased pupal weight.<br/><br/>Key words: biopesticide, pest control, natural pesticide
650 ## - ASSUNTO - THESAGRO
Cabeçalho tópico ou nome geográfico PRAGA DE PLANTA
650 ## - ASSUNTO - THESAGRO
Cabeçalho tópico ou nome geográfico CONTROLE
650 ## - ASSUNTO - THESAGRO
Cabeçalho tópico ou nome geográfico PESTICIDA
650 ## - ASSUNTO - THESAGRO
Cabeçalho tópico ou nome geográfico PLANTA MEDICINAL
773 0# - ENTRADA ANALÍTICA
Host Biblionumber 3543
Registro do item 315533
Imprenta Botucatu-SP Instituto de Biociências - Departamento de Química e Bioquímica 1998
Outro identificador 2024-1859
Título Revista Brasileira de Plantas Medicinais (Brazil)
ISSN 1516-0572
Colação v. 17(2) p. 291-296; (2015)
Número de controle de registro BR2024001346
856 ## - ACESSO E ENDEREÇO ELETRÔNICO
Identificador uniforme de recurso - URI https://www.scielo.br/j/rbpm/a/NgBqRKVGwmTwTqzyq74TG9n/?format=pdf&lang=pt

Nenhum exemplar disponível.

BINAGRI

Telefone: (61)3218-2567/2388/3357/2097 - binagri@agro.gov.br

Ministério da Agricultura e Pecuária , Esplanada dos Ministérios, Bloco D, Anexo B, Brasília/DF, CEP: 70.043-900